Instusion signatures and analysis
Saved in:
| Other Authors: | |
|---|---|
| Format: | Book |
| Language: | English |
| Published: |
Indianapolis, Ind. :
New Riders,
2001
|
| Subjects: | |
| Tags: |
Add Tag
No Tags, Be the first to tag this record!
|
MARC
| LEADER | 00000cam a2200000 i 4500 | ||
|---|---|---|---|
| 001 | 1/6620 | ||
| 008 | 100419s2001 eng d | ||
| 020 | |a 0-7357-1063-5 | ||
| 035 | |l 10107574 | ||
| 040 | |a GR-MY-UA |b gre |e aacr | ||
| 041 | 0 | |a eng | |
| 082 | 0 | |a 005.8 |2 (22) | |
| 245 | 1 | 0 | |a Instusion signatures and analysis / |c Stephen Northcutt...[κ.ά] |
| 260 | |a Indianapolis, Ind. : |b New Riders, |c 2001 | ||
| 300 | |a xxi, 408 σ.; |b εικ.; |c 23 εκ. | ||
| 504 | |a Περιέχει ευρετήριο | ||
| 650 | 0 | 0 | |a Computer security. |
| 650 | 0 | 0 | |a Computers |x Access control. |
| 700 | 1 | |a Northcutt, Stephen. | |
| 852 | |a INST |b SAMOS |e 20100419 |h 005.8 INT |p 005300031994 |q 005300031994 |t BK |y 0 | ||
| 901 | |a BIBL3-2010-1 | ||
| 909 | |a Σ |b 162211 | ||
| 970 | |a ΣΙΤΖΙΜΗ |b ΓΙΑΣΕΜΗ |z 2010/04/19 | ||